Oxford preparation course for the Toeic test
محفوظ في:
| التنسيق: | كتاب |
|---|---|
| اللغة: | Undetermined |
| منشور في: |
Oxford
Oxford University Press
2002
|
| الموضوعات: | |
| الوسوم: |
إضافة وسم
لا توجد وسوم, كن أول من يضع وسما على هذه التسجيلة!
|
| Thư viện lưu trữ: | Trung tâm Học liệu Trường Đại học Cần Thơ |
|---|
| LEADER | 00562nam a2200181Ia 4500 | ||
|---|---|---|---|
| 001 | CTU_65387 | ||
| 008 | 210402s9999 xx 000 0 und d | ||
| 020 | |c 55000 | ||
| 082 | |a 428.0076 | ||
| 082 | |b O.98/Cas.2 | ||
| 245 | 0 | |a Oxford preparation course for the Toeic test | |
| 260 | |a Oxford | ||
| 260 | |b Oxford University Press | ||
| 260 | |c 2002 | ||
| 650 | |a English language,Test of English for International Communication | ||
| 650 | |x Examinations,Study guides,Study guides | ||
| 904 | |i H. Mai | ||
| 980 | |a Trung tâm Học liệu Trường Đại học Cần Thơ | ||